00473nam a2200157Ia 4500003000900000008004100009020001600050040001600066080001500082245007800097260003900175300001500214650001800229650004300247700002500290IN-BaIIA211028s9999 xx 000 0 eng d a486-62127-8 cIIA Library a524.1bCOS 0aSelected papers on cosmic ray origin theoriescedited by by Stephen Rosen aNew YorkbDover Publicationsc1969 avii, 439p. a Cosmic rays aAstronomy and astrophysics thesaurus  aRosen, Stephen., ed.